书目信息 |
| 书名: | Dark in the City of Light | |
| 作者: | Robertson | Paul | |
| 分册号: | ||
| 分册名: | 出版地: |
|
| 出版社: | Bethany House Publishers, a division of Baker Publishing Group | |
| 出版时间: | 2010 | |
| 页数: | 414p | |
| 开本: | 21cm | |
| 丛书名: | ||
| 中图分类号: | ||
| 科图分类号: | ||
| 其他分类号: | I712.4 | |
| 主题词: | ||
| 电子资源: | ||
| 000 | 00439nam0 2200145 450 | |
| 001 | 202012003383 | |
| 005 | 20121204170132.0 | |
| 008 | 12120401s | |
| 020 | @a9780764205699@c$14.99 | |
| 099 | @dI712.4@eR6518 | |
| 245 | 10 | @aDark in the City of Light@cRobertson | Paul |
| 260 | 0 | @b Bethany House Publishers, a division of Baker Publishing Group @c2010 |
| 300 | @a414p@c21cm | |
| 905 | @b14868-9 | |
| 905 | @aTSG@dI712.4@eR6518 | |
| Dark in the City of Light / Robertson | Paul .- Bethany House Publishers, a division of Baker Publishing Group , 2010 |
| 414p ; 21cm |
| ISBN 9780764205699$14.99 |
| ● |
| 相关链接 |
|
|
|
正题名:Dark in the City of Light
索取号:I712.4/R6518
 
预约/预借
| 序号 | 登录号 | 条形码 | 馆藏地/架位号 | 状态 | 备注 |
| 1 | 14868 | 300148686 | 文学库116/400A自科库 19排3列4层/ [索取号:I712.4/R6518] | 在馆 | |
| 2 | 14869 | 300148695 | 文学库116/400A自科库 19排3列4层/ [索取号:I712.4/R6518] | 在馆 |